Elementi chimici con il simbolo di una lettera - Statistics

Statistiche generali
  • Questo quiz è stato fatto 7.261 volte
  • Il punteggio medio è 10 su 14
Statistiche sulle risposte
Simbolo Elemento % Corretto
H Idrogeno
94%
O Ossigeno
94%
K Potassio
90%
C Carbonio
87%
N Azoto
77%
F Fluoro
76%
P Fosforo
74%
U Uranio
74%
B Boro
73%
S Zolfo
71%
I Iodio
69%
W Tungsteno
47%
V Vanadio
40%
Y Ittrio
30%
Nessun quiz corrispondente trovato
Distribuzione punteggi
Percentuale di utenti per punteggio
Percentile per numero di risposta
I tuoi punteggi nel tempo
Non hai fatto questo quiz